[Event "FBL 1"]
[Site "Deutschland"]
[Date "2010.01.17"]
[Round "5.6"]
[White "Stitterich, Nadine"]
[Black "Grohmann, Katrin"]
[Result "1-0"]
[WhiteElo "1956"]
[BlackElo "1898"]
[PlyCount "59"]
[EventDate "2009.11.07"]
[EventType "team"]
[EventCountry "GER"]
[WhiteTeam "SV Wolfbusch"]
[BlackTeam "SV Medizin Erfurt"]

1. e4 c5 2. Nf3 d6 3. d4 cxd4 4. Nxd4 Nf6 5. Nc3 a6 6. Be2 e5 7. Nb3 Be6 8. O-O
Be7 9. Kh1 Nbd7 10. f4 exf4 11. Bxf4 Ne5 12. Qe1 O-O 13. Qg3 Ng6 14. Be3 d5 15.
Rad1 Bd6 16. Qe1 Ne7 17. Bg5 Nxe4 18. Nxe4 dxe4 19. Bf4 Nc8 20. Bxd6 Nxd6 21.
Qb4 Qc7 22. Qxd6 Qxc2 23. Rd2 Qc8 24. Qf4 Bxb3 25. axb3 f5 26. Rfd1 b5 27. Rd7
Qc2 28. Qe5 Rf7 29. Rd8+ Rf8 30. Qd5+ 1-0

[Event "FBL 1"]
[Site "Deutschland"]
[Date "2010.02.20"]
[Round "6.1"]
[White "Heinatz, Gundula"]
[Black "Socko, Monika"]
[Result "0-1"]
[WhiteElo "2232"]
[BlackElo "2468"]
[PlyCount "64"]
[EventDate "2009.11.07"]
[EventType "team"]
[EventCountry "GER"]
[WhiteTeam "Karlsruher SF 1853"]
[BlackTeam "Hamburger SK von 1830"]

1. g3 Nf6 2. Bg2 d5 3. Nf3 c5 4. b3 d4 5. d3 Nc6 6. c4 e5 7. Nbd2 h6 8. O-O Bd6
9. a3 O-O 10. Rb1 a5 11. Ne1 Be6 12. Nc2 Qd7 13. Nf3 e4 14. dxe4 Nxe4 15. Bb2
Bf5 16. Rc1 Rad8 17. Nce1 Rfe8 18. Nd3 Qe6 19. Re1 b6 20. b4 cxb4 21. axb4 Bxb4
22. Nxb4 axb4 23. Qa4 Nc3 24. Bxc3 bxc3 25. Ng5 hxg5 26. Bxc6 Re7 27. Bd5 Qd6
28. Qb5 Qc5 29. Qxc5 bxc5 30. f3 Rb8 31. g4 Be6 32. e4 Ra7 0-1

[Event "FBL 1"]
[Site "Deutschland"]
[Date "2010.02.20"]
[Round "6.2"]
[White "Michna, Marta"]
[Black "Jelica, Mara"]
[Result "1-0"]
[WhiteElo "2366"]
[BlackElo "2231"]
[PlyCount "141"]
[EventDate "2009.11.07"]
[EventType "team"]
[EventCountry "GER"]
[WhiteTeam "Hamburger SK von 1830"]
[BlackTeam "Karlsruher SF 1853"]

1. Nf3 Nf6 2. d3 d6 3. e4 g6 4. Be2 Bg7 5. O-O c5 6. c3 O-O 7. a4 Nc6 8. Na3 b6
9. h3 a6 10. Be3 Rb8 11. Qd2 b5 12. axb5 axb5 13. b4 cxb4 14. cxb4 d5 15. Rac1
dxe4 16. dxe4 Qxd2 17. Bxd2 Bd7 18. Bxb5 Nxb4 19. Bxb4 Bxb5 20. Nxb5 Rxb5 21.
Bxe7 Re8 22. Bxf6 Bxf6 23. Rc4 Rb2 24. Rd1 Re2 25. Re1 Rxe1+ 26. Nxe1 Ra8 27.
Kf1 Ra3 28. Ke2 Rc3 29. Ra4 Be7 30. Ra7 Kf8 31. g3 h5 32. h4 Bd6 33. Nd3 Rc4
34. e5 Bc7 35. Kf3 Bb6 36. Rb7 Rc3 37. Ke2 Ba5 38. e6 Rc2+ 39. Kf1 Bc7 40. Nf4
Bxf4 41. Rxf7+ Ke8 42. Rxf4 Ke7 43. Re4 Rc6 44. Ke2 Rc5 45. Ke3 Rc3+ 46. Kf4
Rc2 47. f3 Rc3 48. g4 hxg4 49. fxg4 Rh3 50. Kg5 Rh1 51. Ra4 Kxe6 52. Ra6+ Kf7
53. Rf6+ Kg7 54. Rxg6+ Kh7 55. Ra6 Rb1 56. Ra7+ Kg8 57. Re7 Kf8 58. Re5 Rg1 59.
h5 Kf7 60. Ra5 Kg7 61. h6+ Kg8 62. Ra7 Rg2 63. Kf5 Rb2 64. Re7 Rb5+ 65. Re5 Rb1
66. g5 Kf7 67. g6+ Kf8 68. Kf6 Rf1+ 69. Rf5 Rh1 70. h7 Rh2 71. g7+ 1-0

[Event "FBL 1"]
[Site "Deutschland"]
[Date "2010.02.20"]
[Round "6.3"]
[White "Kiefhaber, Veronika"]
[Black "Kadziolka, Beata"]
[Result "1/2-1/2"]
[WhiteElo "2244"]
[BlackElo "2292"]
[PlyCount "88"]
[EventDate "2009.11.07"]
[EventType "team"]
[EventCountry "GER"]
[WhiteTeam "Karlsruher SF 1853"]
[BlackTeam "Hamburger SK von 1830"]

1. e4 c5 2. c3 Nf6 3. e5 Nd5 4. Nf3 b6 5. Bc4 Bb7 6. O-O e6 7. d4 cxd4 8. cxd4
Be7 9. Nbd2 O-O 10. Re1 d6 11. Ne4 dxe5 12. dxe5 Nd7 13. Bd2 Nc5 14. Ng3 Rc8
15. Qe2 Qc7 16. Rac1 Qb8 17. Ng5 h6 18. Nh3 f5 19. exf6 Rxf6 20. b4 Nd7 21. Nh5
Rf7 22. Qxe6 Nf8 23. Qg4 Qd6 24. N3f4 Rxc4 25. Rxc4 Nf6 26. Nxf6+ Rxf6 27. Bc3
Rf7 28. Rd1 Qb8 29. Nh5 g5 30. Ng3 b5 31. Rcd4 Qc7 32. R4d3 Qc6 33. Ne2 h5 34.
Qg3 Qe4 35. Re3 h4 36. Qh3 Qg6 37. Qg4 a6 38. Nd4 Rf4 39. Qe2 Bf6 40. Ne6 Bxc3
41. Nc5 Bd4 42. Nxb7 Bxe3 43. Qxe3 Rxb4 44. h3 Rb1 1/2-1/2

[Event "FBL 1"]
[Site "Deutschland"]
[Date "2010.02.20"]
[Round "6.5"]
[White "Mira, Helene"]
[Black "Hegeler, Anja"]
[Result "1/2-1/2"]
[WhiteElo "2125"]
[BlackElo "2181"]
[PlyCount "60"]
[EventDate "2009.11.07"]
[EventType "team"]
[EventCountry "GER"]
[WhiteTeam "Karlsruher SF 1853"]
[BlackTeam "Hamburger SK von 1830"]

1. Nf3 Nf6 2. c4 c6 3. d4 d6 4. Nc3 Nbd7 5. e4 e5 6. Be2 Be7 7. O-O O-O 8. Qc2
a6 9. a4 a5 10. b3 Qc7 11. h3 Nb8 12. Ba3 Nh5 13. dxe5 dxe5 14. Bxe7 Qxe7 15.
Nh2 Nf4 16. Bf3 Na6 17. Rad1 Nc5 18. Ne2 Nce6 19. Nxf4 Nxf4 20. Ng4 h5 21. Ne3
g6 22. Rd2 Qf6 23. Be2 Be6 24. Rfd1 Bxh3 25. gxh3 Nxh3+ 26. Kg2 Qxf2+ 27. Kxh3
Qxe3+ 28. Kg2 Qg5+ 29. Kh1 Qh4+ 30. Kg2 Qg5+ 1/2-1/2

[Event "FBL 1"]
[Site "Deutschland"]
[Date "2010.02.20"]
[Round "6.6"]
[White "Schmidt, Jade"]
[Black "Heinatz, Maria"]
[Result "1-0"]
[WhiteElo "2003"]
[BlackElo "1917"]
[PlyCount "119"]
[EventDate "2009.11.07"]
[EventType "team"]
[EventCountry "GER"]
[WhiteTeam "Hamburger SK von 1830"]
[BlackTeam "Karlsruher SF 1853"]

1. d4 d5 2. c4 c6 3. cxd5 cxd5 4. Nc3 Nf6 5. Bf4 Nc6 6. e3 a6 7. Bd3 Bg4 8.
Nge2 e6 9. O-O Be7 10. Rc1 O-O 11. f3 Bh5 12. Bg3 Bg6 13. Nf4 Rc8 14. Nxg6 hxg6
15. Bb1 Na5 16. Bf2 Nc4 17. Qe2 b5 18. e4 Bb4 19. Rfd1 Qb6 20. Be1 Bxc3 21.
Rxc3 Rc7 22. b3 Na5 23. Rxc7 Qxc7 24. Qd2 Nc6 25. Rc1 Rc8 26. Kh1 Qb7 27. Bf2
Ne7 28. Rxc8+ Qxc8 29. Qc2 Qb7 30. Bg3 Nc6 31. Qc5 Nd7 32. Qc3 Qb6 33. Bf2 Nf6
34. Qd2 Qc7 35. Bg3 Qb6 36. Bf2 Ne8 37. Kg1 Nf6 38. Kf1 Ne8 39. Qe3 Nc7 40. a3
Qa5 41. Qc1 Qb6 42. Qb2 a5 43. Bd3 Qa7 44. Qc3 Qb7 45. Qc5 Na7 46. Bg3 Na6 47.
Qd6 Qc8 48. Be1 Nb8 49. exd5 exd5 50. Qxd5 Nbc6 51. Bxg6 Qc7 52. Bg3 Qe7 53.
Bd6 Qf6 54. Be4 Qxd4 55. Qxd4 Nxd4 56. Bc5 Nac6 57. b4 axb4 58. axb4 g6 59. Kf2
Kg7 60. Ke3 1-0

[Event "FBL 1"]
[Site "Deutschland"]
[Date "2010.02.20"]
[Round "6.3"]
[White "Moser, Eva"]
[Black "Laake, Jasmin"]
[Result "1-0"]
[WhiteElo "2431"]
[BlackElo "2072"]
[PlyCount "67"]
[EventDate "2009.11.07"]
[EventType "team"]
[EventCountry "GER"]
[WhiteTeam "OSG - SG Baden-Baden 1922"]
[BlackTeam "SK Lehrte"]

1. g3 g6 2. Bg2 Bg7 3. d4 d6 4. e4 Nf6 5. Ne2 O-O 6. h3 Nbd7 7. O-O e5 8. Nbc3
exd4 9. Nxd4 Re8 10. Re1 c6 11. Bf4 Ne5 12. a4 a5 13. b3 Qc7 14. Qd2 Bd7 15.
Be3 Bc8 16. Rad1 Rd8 17. f4 Ned7 18. Qf2 Re8 19. Ndb5 cxb5 20. Nxb5 Qd8 21.
Nxd6 Rf8 22. e5 Ne8 23. Nxb7 Qc7 24. Nd6 Nxd6 25. Bxa8 Nb7 26. Rd2 Qb8 27. Bxb7
Qxb7 28. Red1 Nb8 29. Bc5 Re8 30. Rd8 Bd7 31. R1xd7 Nxd7 32. Rxe8+ Bf8 33. Bxf8
Nxf8 34. Qc5 1-0

[Event "FBL 1"]
[Site "Deutschland"]
[Date "2010.02.20"]
[Round "6.4"]
[White "Saal, Hilkka"]
[Black "Borulya, Ekaterina Uriivna"]
[Result "0-1"]
[WhiteElo "1695"]
[BlackElo "2296"]
[PlyCount "86"]
[EventDate "2009.11.07"]
[EventType "team"]
[EventCountry "GER"]
[WhiteTeam "SK Lehrte"]
[BlackTeam "OSG - SG Baden-Baden 1922"]

1. e4 c5 2. Nf3 e6 3. d4 cxd4 4. Nxd4 a6 5. Nc3 Qc7 6. Bd3 Nc6 7. Nb3 Nf6 8.
O-O b5 9. a3 Be7 10. f4 d6 11. Qf3 Bb7 12. Qg3 O-O 13. Be3 Rac8 14. Rae1 b4 15.
axb4 Nxb4 16. f5 Nxd3 17. cxd3 e5 18. Nd2 d5 19. Bh6 Qb6+ 20. Be3 d4 21. Bf2
Qxb2 22. Ncb1 Nd7 23. Nc4 Qb5 24. Nbd2 Ba8 25. Rb1 Qc5 26. Kh1 f6 27. Nb3 Qa7
28. Qg4 Rb8 29. Qe2 Rb5 30. Qa2 Kh8 31. Rb2 Bb4 32. Be1 Rfb8 33. Bxb4 Rxb4 34.
Rc1 h6 35. Nd6 Nc5 36. Rxc5 Qxc5 37. Nxc5 Rxb2 38. Nf7+ Kh7 39. Qxb2 Rxb2 40.
h3 a5 41. Nd8 Rc2 42. Na4 Bxe4 43. dxe4 d3 0-1

[Event "FBL 1"]
[Site "Deutschland"]
[Date "2010.02.20"]
[Round "6.5"]
[White "Klink, Tamara"]
[Black "Michalek, Barbara"]
[Result "1-0"]
[WhiteElo "2289"]
[BlackElo "1963"]
[PlyCount "53"]
[EventDate "2009.11.07"]
[EventType "team"]
[EventCountry "GER"]
[WhiteTeam "OSG - SG Baden-Baden 1922"]
[BlackTeam "SK Lehrte"]

1. e4 c5 2. Nf3 e6 3. d4 cxd4 4. Nxd4 Nf6 5. Nc3 a6 6. e5 Ng8 7. Bd3 Qc7 8. Qe2
Nc6 9. Nxc6 dxc6 10. Bf4 Ne7 11. Bg3 Nd5 12. Ne4 Qa5+ 13. c3 Bd7 14. O-O Be7
15. a3 Qd8 16. c4 Nc7 17. Nd6+ Kf8 18. Nxb7 Qb8 19. Nd6 Bxd6 20. exd6 Ne8 21.
c5 Qc8 22. Bh4 f6 23. f4 g6 24. Rae1 f5 25. Bc4 Kf7 26. Qe5 Rg8 27. g4 1-0

[Event "FBL 1"]
[Site "Deutschland"]
[Date "2010.02.20"]
[Round "6.6"]
[White "Braje, Monika"]
[Black "Tammert, Iamze"]
[Result "0-1"]
[WhiteElo "1600"]
[BlackElo "2277"]
[PlyCount "120"]
[EventDate "2009.11.07"]
[EventType "team"]
[EventCountry "GER"]
[WhiteTeam "SK Lehrte"]
[BlackTeam "OSG - SG Baden-Baden 1922"]

1. e4 g6 2. d4 Bg7 3. c3 d6 4. Bd3 Nd7 5. Nf3 e6 6. O-O Ne7 7. Bg5 O-O 8. Qd2
Qe8 9. Na3 a6 10. Rae1 e5 11. d5 f6 12. Bh6 g5 13. Bxg7 Kxg7 14. h3 Ng6 15. Nh2
Nf4 16. Bc2 Nb6 17. c4 h5 18. Qe3 Nd7 19. b4 Qe7 20. Nb1 Rh8 21. Nc3 Nf8 22.
Rc1 N8g6 23. Bd1 Nh4 24. g3 Nxh3+ 25. Kh1 Ng6 26. Ne2 Bd7 27. a4 a5 28. b5 b6
29. Kg2 Rag8 30. Ng1 Nxg1 31. Rxg1 Bc8 32. Kf1 Qd7 33. g4 Nf4 34. Ke1 hxg4 35.
Nxg4 Qe8 36. Rc3 Rh3 37. Qd2 Bxg4 38. Bxg4 Rxc3 39. Qxc3 Rh8 40. Qd2 Qd8 41. f3
Kf8 42. Kd1 Ke7 43. Qe1 Rh2 44. Rh1 Qh8 45. Rxh2 Qxh2 46. Qd2 Qxd2+ 47. Kxd2
Kf7 48. Ke3 Ng2+ 49. Kf2 Nf4 50. Ke3 Kg6 51. Kd2 Ng2 52. Ke2 Nh4 53. Kd3 f5 54.
exf5+ Nxf5 55. Kd2 Nd4 56. Kc3 Kf6 57. Kb2 e4 58. fxe4 Ke5 59. Kc3 Kxe4 60. Kd2
Nb3+ 0-1

[Event "FBL 1"]
[Site "Deutschland"]
[Date "2010.02.20"]
[Round "6.1"]
[White "Haecker, Sonja"]
[Black "Pokorna, Regina"]
[Result "0-1"]
[WhiteElo "2064"]
[BlackElo "2382"]
[PlyCount "46"]
[EventDate "2009.11.07"]
[EventType "team"]
[EventCountry "GER"]
[WhiteTeam "SV Wolfbusch"]
[BlackTeam "Rodewischer Schachmiezen"]

1. e4 e5 2. Nf3 Nc6 3. Bb5 a6 4. Ba4 Nf6 5. O-O Be7 6. Re1 b5 7. Bb3 O-O 8. h3
Bb7 9. c3 d5 10. exd5 Nxd5 11. d4 exd4 12. Nxd4 Nxd4 13. Qxd4 c5 14. Qg4 f5 15.
Qe2 c4 16. Bc2 Bc5 17. Bd2 Qh4 18. b4 Rae8 19. Qf1 Bb6 20. Na3 Nf4 21. Bxf4
Qxf4 22. Rxe8 Rxe8 23. Re1 Qxf2+ 0-1

[Event "FBL 1"]
[Site "Deutschland"]
[Date "2010.02.20"]
[Round "6.2"]
[White "Rudolf, Anna"]
[Black "Jussupow, Ekaterina"]
[Result "1-0"]
[WhiteElo "2295"]
[BlackElo "2153"]
[PlyCount "57"]
[EventDate "2009.11.07"]
[EventType "team"]
[EventCountry "GER"]
[WhiteTeam "Rodewischer Schachmiezen"]
[BlackTeam "SV Wolfbusch"]

1. e4 d5 2. exd5 Qxd5 3. Nc3 Qa5 4. Bc4 c6 5. d3 Bf5 6. Bd2 e6 7. Qe2 Nd7 8.
O-O-O Qe5 9. Be3 Bb4 10. f4 Qa5 11. g4 Bg6 12. Bd2 O-O-O 13. a3 Bxa3 14. Na2
Qa4 15. bxa3 b5 16. Bb3 Qxa3+ 17. Kb1 Qd6 18. Nf3 Ngf6 19. Ne5 Qc7 20. Nb4 Nxe5
21. fxe5 Nd7 22. d4 c5 23. Na6 Qc6 24. Nxc5 Nxc5 25. dxc5 Qxc5 26. Ba5 Rd7 27.
Rxd7 Kxd7 28. Rd1+ Kc8 29. Qf3 1-0

[Event "FBL 1"]
[Site "Deutschland"]
[Date "2010.02.20"]
[Round "6.3"]
[White "Erben, Larissa"]
[Black "Steinbacher, Claudia"]
[Result "1/2-1/2"]
[WhiteElo "2023"]
[BlackElo "2158"]
[PlyCount "73"]
[EventDate "2009.11.07"]
[EventType "team"]
[EventCountry "GER"]
[WhiteTeam "SV Wolfbusch"]
[BlackTeam "Rodewischer Schachmiezen"]

1. e4 c5 2. Nf3 a6 3. Nc3 d6 4. d4 cxd4 5. Nxd4 Nf6 6. Be3 g6 7. Qd2 Nc6 8. f3
Bg7 9. O-O-O O-O 10. g4 Nxd4 11. Bxd4 b5 12. Kb1 Bb7 13. h4 e6 14. g5 Ne8 15.
Bxg7 Kxg7 16. h5 Qe7 17. hxg6 fxg6 18. f4 Kg8 19. Bg2 Rd8 20. Rh3 Qc7 21. Rdh1
Rd7 22. Ne2 Rdf7 23. Bf3 Bc8 24. Bg4 Qe7 25. Qc3 Qc7 26. Qb3 Qe7 27. Qd3 Nc7
28. Rd1 d5 29. Qe3 dxe4 30. Qxe4 Nd5 31. Rf3 Qb4 32. Qxb4 Nxb4 33. Re3 Nd5 34.
Re4 Nxf4 35. Nxf4 Rxf4 36. Bxe6+ Bxe6 37. Rxe6 1/2-1/2

[Event "FBL 1"]
[Site "Deutschland"]
[Date "2010.02.20"]
[Round "6.4"]
[White "Kubikova, Alena"]
[Black "Djalalova, Nigora"]
[Result "0-1"]
[WhiteElo "2123"]
[BlackElo "1984"]
[PlyCount "80"]
[EventDate "2009.11.07"]
[EventType "team"]
[EventCountry "GER"]
[WhiteTeam "Rodewischer Schachmiezen"]
[BlackTeam "SV Wolfbusch"]

1. e4 a6 2. d4 b5 3. f4 Bb7 4. Bd3 e6 5. Be3 Nf6 6. Nd2 Be7 7. Nh3 Qc8 8. O-O
c5 9. c3 d6 10. Qe2 Nbd7 11. e5 Nd5 12. exd6 Bxd6 13. Ne4 Be7 14. f5 e5 15. Bd2
Qc7 16. Neg5 h6 17. Nf3 exd4 18. cxd4 O-O 19. Rac1 Rfe8 20. Qf2 Bd6 21. g3 Rac8
22. Nh4 Qc6 23. Qg2 Qb6 24. Qf2 N7f6 25. Bf4 Ng4 26. Qd2 c4 27. Bb1 Qc6 28. Qg2
Bxf4 29. Nxf4 Nge3 30. Qf3 Nxf1 31. Rxf1 Nxf4 32. gxf4 Qxf3 33. Nxf3 Bxf3 34.
Rxf3 Re1+ 35. Rf1 Rce8 36. d5 Rxf1+ 37. Kxf1 f6 38. Kf2 Kf7 39. Kf3 Ke7 40. Ke3
Kd6+ 0-1

[Event "FBL 1"]
[Site "Deutschland"]
[Date "2010.02.20"]
[Round "6.5"]
[White "Stitterich, Nadine"]
[Black "Kubikova, Hanna"]
[Result "0-1"]
[WhiteElo "1956"]
[BlackElo "2146"]
[PlyCount "80"]
[EventDate "2009.11.07"]
[EventType "team"]
[EventCountry "GER"]
[WhiteTeam "SV Wolfbusch"]
[BlackTeam "Rodewischer Schachmiezen"]

1. e4 c5 2. Nf3 Nf6 3. Nc3 Nc6 4. d4 d5 5. exd5 Nxd5 6. Bb5 Nxc3 7. bxc3 cxd4
8. Nxd4 Bd7 9. O-O Nxd4 10. Bxd7+ Qxd7 11. cxd4 Rd8 12. Be3 g6 13. Re1 Bg7 14.
c3 O-O 15. Qb3 e6 16. Rad1 b6 17. Bf4 Qc6 18. Rd3 Rd5 19. Red1 b5 20. Bc1 Rc8
21. Bb2 a5 22. Ra1 a4 23. Qd1 Qc4 24. a3 Rcd8 25. f4 Rc8 26. Rd2 Bh6 27. g3
Rcd8 28. Qe2 e5 29. Qxc4 bxc4 30. Rf2 exf4 31. gxf4 Rb8 32. Re1 Kf8 33. Re5
Rdb5 34. Rxb5 Rxb5 35. Kg2 Bxf4 36. Kf3 Bd6 37. Ke4 f5+ 38. Ke3 Rb3 39. Rc2 Kf7
40. h4 Ke6 0-1

[Event "FBL 1"]
[Site "Deutschland"]
[Date "2010.02.20"]
[Round "6.1"]
[White "Kludacz, Magdalena"]
[Black "Alexandrova, Olga"]
[Result "1/2-1/2"]
[WhiteElo "2202"]
[BlackElo "2391"]
[PlyCount "36"]
[EventDate "2009.11.07"]
[EventType "team"]
[EventCountry "GER"]
[WhiteTeam "SAV Torgelow"]
[BlackTeam "SK Großlehna"]

1. d4 Nf6 2. c4 e6 3. Nf3 b6 4. g3 Ba6 5. b3 Bb4+ 6. Bd2 Be7 7. Bg2 d5 8. Ne5
O-O 9. Bc3 Ne4 10. cxd5 exd5 11. Qc2 Nxc3 12. Nxc3 Bb7 13. O-O Na6 14. Rfd1 c6
15. a3 Nc7 16. b4 Bd6 17. Nd3 Re8 18. e3 Qc8 1/2-1/2

[Event "FBL 1"]
[Site "Deutschland"]
[Date "2010.02.20"]
[Round "6.2"]
[White "Paulet, Iozefina"]
[Black "Kunze, Kerstin"]
[Result "1/2-1/2"]
[WhiteElo "2320"]
[BlackElo "2147"]
[PlyCount "101"]
[EventDate "2009.11.07"]
[EventType "team"]
[EventCountry "GER"]
[WhiteTeam "SK Großlehna"]
[BlackTeam "SAV Torgelow"]

1. e4 c5 2. Nc3 Nc6 3. Bb5 Nd4 4. Bc4 e6 5. Nge2 Ne7 6. Nxd4 cxd4 7. Nb5 Nc6 8.
c3 Ne5 9. Qe2 dxc3 10. f4 a6 11. fxe5 axb5 12. Bxb5 cxd2+ 13. Bxd2 Bc5 14. Qc4
Qb6 15. Rc1 Bf2+ 16. Ke2 O-O 17. Rhf1 Bd4 18. Bb4 Re8 19. Bd6 Bxb2 20. a4 Qd4
21. Qxd4 Bxd4 22. Rcd1 Ba7 23. g4 Bb8 24. g5 Bxd6 25. exd6 b6 26. e5 Ba6 27.
Ra1 f6 28. gxf6 gxf6 29. exf6 Bxb5+ 30. axb5 Kf7 31. Ra6 Rxa6 32. bxa6 Ra8 33.
Ra1 Kxf6 34. Kd3 Ke5 35. Kc4 Kxd6 36. Kb5 e5 37. a7 e4 38. Kxb6 Ke5 39. Kb7 Rf8
40. a8=Q Rxa8 41. Rxa8 e3 42. Rd8 Kf4 43. Rxd7 h5 44. Kc6 h4 45. Kd5 Kf3 46.
Rf7+ Kg2 47. h3 Kxh3 48. Kd4 e2 49. Re7 Kg3 50. Rxe2 h3 51. Re3+ 1/2-1/2

[Event "FBL 1"]
[Site "Deutschland"]
[Date "2010.02.20"]
[Round "6.3"]
[White "Chlost, Marlena"]
[Black "Karlovich, Anastasia"]
[Result "1/2-1/2"]
[WhiteElo "2171"]
[BlackElo "2201"]
[PlyCount "67"]
[EventDate "2009.11.07"]
[EventType "team"]
[EventCountry "GER"]
[WhiteTeam "SAV Torgelow"]
[BlackTeam "SK Großlehna"]

1. e4 e5 2. Nf3 Nc6 3. Bb5 a6 4. Ba4 d6 5. O-O Nge7 6. d4 Bd7 7. Bg5 h6 8. Be3
b5 9. Bb3 exd4 10. Nxd4 Nxd4 11. Bxd4 c5 12. c4 cxd4 13. cxb5 axb5 14. Qxd4 Nc6
15. Qd5 Ne5 16. f4 Bc6 17. Qd4 Nd7 18. Rc1 Rc8 19. Bxf7+ Kxf7 20. Rxc6 Rxc6 21.
Qd5+ Ke8 22. Qxc6 Qb6+ 23. Qxb6 Nxb6 24. Nc3 b4 25. Nb5 d5 26. e5 Bc5+ 27. Kf1
Ke7 28. Rc1 Rc8 29. Na7 Rc7 30. Nb5 Rc8 31. Na7 Rc7 32. Nb5 Rc8 33. Na7 Rc7 34.
Nb5 1/2-1/2

[Event "FBL 1"]
[Site "Deutschland"]
[Date "2010.02.20"]
[Round "6.4"]
[White "Kulovana, Eva"]
[Black "Pfau, Beate"]
[Result "1-0"]
[WhiteElo "2287"]
[BlackElo "2131"]
[PlyCount "79"]
[EventDate "2009.11.07"]
[EventType "team"]
[EventCountry "GER"]
[WhiteTeam "SK Großlehna"]
[BlackTeam "SAV Torgelow"]

1. e4 c5 2. Nf3 e6 3. d4 cxd4 4. Nxd4 a6 5. Bd3 Nf6 6. O-O Qc7 7. Qe2 Bc5 8.
Nb3 d6 9. Nxc5 Qxc5 10. Be3 Qe5 11. Nd2 d5 12. f4 Qh5 13. Qxh5 Nxh5 14. exd5
exd5 15. Bc5 Nc6 16. Rae1+ Kd8 17. c4 Be6 18. f5 Bd7 19. cxd5 Na7 20. Bb6+ Kc8
21. Ne4 Kb8 22. d6 Nc8 23. Bc7+ Ka7 24. Nc5 Nf6 25. Bc4 Rf8 26. Nxd7 Nxd7 27.
Re3 Nf6 28. Rd1 Nb6 29. Bb3 Rae8 30. Rxe8 Rxe8 31. Bxf7 Rf8 32. Be6 Nbd7 33. g4
h6 34. h4 Ne5 35. d7 Nexd7 36. g5 hxg5 37. hxg5 Nb6 38. gxf6 gxf6 39. Rd8 Rxd8
40. Bxd8 1-0

[Event "FBL 1"]
[Site "Deutschland"]
[Date "2010.02.20"]
[Round "6.5"]
[White "Haack, Karin"]
[Black "Voicu, Carmen"]
[Result "0-1"]
[WhiteElo "2022"]
[BlackElo "2285"]
[PlyCount "76"]
[EventDate "2009.11.07"]
[EventType "team"]
[EventCountry "GER"]
[WhiteTeam "SAV Torgelow"]
[BlackTeam "SK Großlehna"]

1. e4 c5 2. Nf3 e6 3. d4 cxd4 4. Nxd4 Nc6 5. g3 d6 6. Bg2 Bd7 7. O-O Be7 8. Nb5
Qb8 9. N1a3 a6 10. Nd4 Nf6 11. Be3 Nxd4 12. Bxd4 e5 13. Bb6 O-O 14. Qd2 Bc6 15.
Rfe1 Nd7 16. Ba5 b6 17. Bb4 a5 18. Bc3 Nc5 19. b3 Qb7 20. Qe2 f5 21. f3 b5 22.
Bb2 Bd8 23. Rad1 fxe4 24. fxe4 Bb6 25. Kh1 Nxe4 26. Bxe4 Bxe4+ 27. Qxe4 Rf1+
28. Kg2 Qxe4+ 29. Rxe4 Rxd1 30. Re2 b4 31. Nc4 Bc5 32. Rd2 Rxd2+ 33. Nxd2 a4
34. Ne4 axb3 35. axb3 Ra2 36. Nxc5 Rxb2 37. Nd3 Rxc2+ 38. Kg1 Rc3 0-1

[Event "FBL 1"]
[Site "Deutschland"]
[Date "2010.02.20"]
[Round "6.6"]
[White "Skogvall, Martina"]
[Black "Hippe, Franziska"]
[Result "0-1"]
[WhiteElo "2100"]
[BlackElo "1950"]
[PlyCount "74"]
[EventDate "2009.11.07"]
[EventType "team"]
[EventCountry "GER"]
[WhiteTeam "SK Großlehna"]
[BlackTeam "SAV Torgelow"]

1. e4 c5 2. Nf3 Nc6 3. d4 cxd4 4. Nxd4 Nf6 5. Nc3 e5 6. Ndb5 d6 7. a4 Be7 8.
Bg5 a6 9. Na3 Be6 10. Bc4 O-O 11. O-O Rc8 12. Bxf6 Bxf6 13. Bxe6 fxe6 14. Nc4
Nd4 15. Ne3 Bg5 16. Qd3 Bf4 17. h3 Qg5 18. Ng4 h5 19. Nh2 Rf6 20. g3 Bd2 21. h4
Qh6 22. Rad1 Bxc3 23. bxc3 Rxc3 24. Qd2 Rxc2 25. Qxh6 Rxh6 26. Rb1 b5 27. axb5
axb5 28. Ra1 Rf6 29. f3 Rf8 30. Ra7 Rb8 31. Rfa1 Rbc8 32. R1a6 Rc1+ 33. Kf2
R8c2+ 34. Ke3 Re2+ 35. Kd3 Rd1+ 36. Kc3 Rc2+ 37. Kb4 Rb1+ 0-1

[Event "FBL 1"]
[Site "Deutschland"]
[Date "2010.02.20"]
[Round "6.1"]
[White "Mueller Ludwig, Kristin"]
[Black "Paehtz, Elisabeth"]
[Result "0-1"]
[WhiteElo "2151"]
[BlackElo "2482"]
[PlyCount "62"]
[EventDate "2009.11.07"]
[EventType "team"]
[EventCountry "GER"]
[WhiteTeam "SV Medizin Erfurt"]
[BlackTeam "SC Bad Königshofen 1957"]

1. e4 e5 2. Nf3 Nc6 3. Bb5 a6 4. Ba4 Nf6 5. O-O Be7 6. d3 b5 7. Bb3 d6 8. c3
O-O 9. Re1 Na5 10. Bc2 c5 11. Nbd2 Nc6 12. a4 Rb8 13. axb5 axb5 14. Nf1 Re8 15.
Ne3 Bf8 16. h3 h6 17. Nh2 Be6 18. Qf3 d5 19. Nhg4 Nxg4 20. Nxg4 d4 21. Qg3 Kh8
22. Ra6 Qc8 23. Ra1 f6 24. Bd2 Ra8 25. Qh4 Qd7 26. f4 exf4 27. Bxf4 g5 28. Qh5
Bxg4 29. hxg4 gxf4 30. Rad1 Ne5 31. Rf1 Qxg4 0-1

[Event "FBL 1"]
[Site "Deutschland"]
[Date "2010.02.20"]
[Round "6.2"]
[White "Nemcova, Katrin"]
[Black "Troyke, Doreen"]
[Result "1-0"]
[WhiteElo "2258"]
[BlackElo "2105"]
[PlyCount "93"]
[EventDate "2009.11.07"]
[EventType "team"]
[EventCountry "GER"]
[WhiteTeam "SC Bad Königshofen 1957"]
[BlackTeam "SV Medizin Erfurt"]

1. e4 c5 2. Nf3 d6 3. d4 cxd4 4. Nxd4 Nf6 5. Nc3 a6 6. Be3 e5 7. Nb3 Be6 8. f4
Qc7 9. f5 Bc4 10. Qf3 b5 11. O-O-O Nbd7 12. g4 b4 13. Nd5 Nxd5 14. exd5 Rc8 15.
Bxc4 Qxc4 16. Qg2 a5 17. Kb1 Qb5 18. g5 Be7 19. h4 a4 20. Nc1 Nc5 21. Bxc5 Rxc5
22. h5 Qc4 23. b3 axb3 24. cxb3 Qb5 25. Rd2 Bd8 26. Re1 f6 27. gxf6 Bxf6 28.
Nd3 Rxd5 29. Nxb4 Rxd2 30. Qxd2 O-O 31. Nd5 Bg5 32. Qd1 Rxf5 33. Qc2 Rf8 34.
Nc7 Qb4 35. Rg1 Qd4 36. Rd1 Qg4 37. a4 Bd8 38. Nb5 Qxh5 39. Nxd6 h6 40. Ne4 Qf3
41. Ka2 Qe3 42. Rd7 Qg1 43. Rd1 Qe3 44. Qg2 Bb6 45. Rd7 g5 46. Nf6+ Rxf6 47.
Qd5+ 1-0

[Event "FBL 1"]
[Site "Deutschland"]
[Date "2010.02.20"]
[Round "6.4"]
[White "Blazkova, Petra"]
[Black "Anisheva, Varvara"]
[Result "1-0"]
[WhiteElo "2178"]
[BlackElo "2155"]
[PlyCount "81"]
[EventDate "2009.11.07"]
[EventType "team"]
[EventCountry "GER"]
[WhiteTeam "SC Bad Königshofen 1957"]
[BlackTeam "SV Medizin Erfurt"]

1. e4 d6 2. d4 g6 3. Nc3 Bg7 4. Bg5 Nd7 5. Qd2 c5 6. Nf3 a6 7. a4 cxd4 8. Nxd4
Ngf6 9. Be2 h6 10. Be3 Nc5 11. f3 e5 12. Nb3 Nxb3 13. cxb3 Be6 14. Bc4 Bxc4 15.
bxc4 Qc7 16. O-O g5 17. b3 Rd8 18. a5 Qe7 19. Rfd1 O-O 20. Ne2 Qe6 21. Ng3 Kh7
22. Nf5 Rg8 23. g4 Bf8 24. Kh1 Rd7 25. Rg1 Ne8 26. Rad1 Ng7 27. h4 f6 28. Qh2
Nxf5 29. gxf5 Qe7 30. Qh3 Rc7 31. Rg2 Kg7 32. Rdg1 Rh8 33. Rh2 Kf7 34. hxg5 Ke8
35. gxf6 Qxf6 36. Rg6 Qf7 37. Rhg2 Rc6 38. f6 Kd8 39. Qf5 Qd7 40. Rg8 Qxf5 41.
exf5 1-0

[Event "FBL 1"]
[Site "Deutschland"]
[Date "2010.02.20"]
[Round "6.5"]
[White "Grohmann, Katrin"]
[Black "Mikliaeva, Darja"]
[Result "0-1"]
[WhiteElo "1898"]
[BlackElo "2162"]
[PlyCount "44"]
[EventDate "2009.11.07"]
[EventType "team"]
[EventCountry "GER"]
[WhiteTeam "SV Medizin Erfurt"]
[BlackTeam "SC Bad Königshofen 1957"]

1. e4 c5 2. Nc3 Nc6 3. g3 g6 4. Bg2 Bg7 5. f4 d6 6. Nf3 Bg4 7. h3 Bd7 8. O-O
Nd4 9. Ne2 Nxf3+ 10. Rxf3 Qc8 11. Kh2 Bc6 12. Rf1 f5 13. d3 h5 14. h4 Nf6 15.
Bh3 Ng4+ 16. Bxg4 hxg4 17. exf5 gxf5 18. d4 Qe6 19. dxc5 dxc5 20. Rb1 Qe4 21.
Rf2 Rd8 22. Qe1 Bf6 0-1